Can You Name All The Characteristics Of Spike From Brawl Stars? - Statistics

General Stats
  • This quiz has been taken 2 times
  • The average score is 7 of 15
Answer Stats
Hint Answer % Correct
Rarity Legendary
100%
Star Power Curveball
50%
Class Damage Dealer
50%
Star Power Fertilize
50%
Gadgets Life Plant
50%
Voice Actor No
50%
Trait No
50%
Title One Of A Kind
50%
Gadgets Popping Pincushion
50%
Trio Ranger Ranch
50%
Prestige Title Speechless
50%
Super Stick Around
50%
Buffies Yes
50%
Hypercharge Blooming Season
0%
Attack Needle Grenade
0%
No matching quizzes found
Score Distribution
Percent of People with Each Score
Percentile by Number Answered
Your Score History
You have not taken this quiz